02001nam a22002177a 4500003000400000005001700004008004100021020001800062082001800080100003400098245007400132250001800206260005200224300002400276490001500300520132100315650003601636651003401672654004301706700003401749OSt20260428115909.0260428b |||||||| |||| 00| 0 esp d a9789974814639 29789974814639 aDr. Carlos J. Ausbruch Moreno aManual Práctico de Tecnología Radiológica Dental y Maxilofacial a1ra edición a Bogotá/Buenos Airesb Editorial Reymo c2009 a 464 págc24 x 17 3tapa dura  aEl objetivo primordial de esta obra técnica consiste en proporcionar una guía integral y sistematizada sobre los principios fundamentales de la radiología aplicada al área odontológica y maxilofacial. El autor se propone dotar al profesional y al estudiante de herramientas teóricas y prácticas para la correcta manipulación de la aparatología radiológica de última generación. A través de su contenido, el manual busca estandarizar los protocolos de adquisición de imágenes, asegurando que cada toma cumpla con los estándares diagnósticos requeridos en la práctica clínica actual. Asimismo, el texto enfatiza la importancia de la seguridad radiológica, estableciendo normas estrictas de bioseguridad para proteger tanto al operador como al paciente durante el procedimiento. La obra también persigue el desarrollo de habilidades críticas para la interpretación precisa de radiografías intraorales y extraorales en diversas patologías. El enfoque didáctico facilita la transición del conocimiento académico a la aplicación directa en el consultorio, optimizando los recursos técnicos disponibles. En última instancia, el libro pretende elevar la calidad de los diagnósticos por imagen, permitiendo tratamientos odontológicos más precisos y seguros. xFundamentos de la Radiología: xAparatología y Equipamiento xTécnicas Radiográficas Intraorales aDr. Carlos J. Ausbruch Moreno